[Event "Campeonato Nacional de Ajedrez Femenino 2015  "]
[Site "FDA, Santo Domingo"]
[Date "2015.03.07"]
[Round "3"]
[Board "7"]
[White "Joaquin Salcedo, Candida"]
[Black "Coronado Paulino, Katerine E."]
[Result "0-1"]
[WhiteElo "1753"]
[BlackElo "1651"]
[PlyCount "84"]
[EventDate "2015.03.06"]
[EventRounds "8"]
[EventCountry "DOM"]

1. e4 c5 2. Nf3 Nc6 3. d4 cxd4 4. Nxd4 g6 5. Be3 Bg7 6. Nc3 Nf6 7. f3 d6 8. Qd2
Bd7 9. O-O-O Rc8 10. h4 h5 11. Be2 Ne5 12. f4 Neg4 13. Kb1 Nxe3 14. Qxe3 a6 15.
f5 gxf5 16. Nxf5 Bxf5 17. exf5 Qc7 18. Rhe1 Ng4 19. Bxg4 Bxc3 20. Bf3 Bxe1 21.
Rxe1 Qxc2+ 22. Ka1 Rc7 23. Be4 Qc4 24. a3 Kd7 25. Qg5 f6 26. Qg7 Qg8 27. Qg6 b5
28. Bf3 Rc2 29. Rd1 Rc5 30. Bxh5 Qxg6 31. Bxg6 Rxh4 32. Rd2 Rh2 33. Rf2 Rc1+
34. Ka2 Rg1 35. Bf7 Rgxg2 36. Be6+ Kc6 37. Rf3 Rxb2+ 38. Ka1 Rbd2 39. Rc3+ Kb6
40. Kb1 Rd1+ 41. Rc1 Rxc1+ 42. Kxc1 Kc5 0-1

[Event "Campeonato Nacional de Ajedrez Femenino 2015  "]
[Site "FDA, Santo Domingo"]
[Date "2015.03.07"]
[Round "3"]
[Board "8"]
[White "Castillo Pena, Patricia Evaris"]
[Black "Clark Muller, Gema Mabel"]
[Result "1-0"]
[WhiteElo "1739"]
[BlackElo "1607"]
[PlyCount "73"]
[EventDate "2015.03.06"]
[EventRounds "8"]
[EventCountry "DOM"]

1. c4 d6 2. Nc3 Nf6 3. d4 g6 4. Nf3 Bg7 5. e4 O-O 6. Be2 Nbd7 7. O-O c5 8. d5
Ne8 9. Qc2 f5 10. exf5 Rxf5 11. Bd3 Rf8 12. Re1 Ne5 13. Be2 Bf5 14. Qd1 Qc8 15.
Bg5 Rf7 16. Rc1 Bg4 17. Nxe5 Bxe2 18. Qxe2 Bxe5 19. Rf1 Nf6 20. h3 Qf5 21. f4
Bd4+ 22. Kh1 Kg7 23. Nb5 Ne4 24. Bh4 Bf6 25. Bxf6+ Rxf6 26. Rf3 Raf8 27. Nc7
Kh8 28. Ne6 R8f7 29. Re1 Qh5 30. Qxe4 Qh4 31. Ref1 h6 32. Qe1 Qxe1 33. Rxe1 b6
34. a4 a5 35. Rb3 Rxf4 36. Nxf4 Rxf4 37. Rxb6 1-0

[Event "Campeonato Nacional de Ajedrez Femenino 2015  "]
[Site "FDA, Santo Domingo"]
[Date "2015.03.07"]
[Round "3"]
[Board "9"]
[White "Rosario Almanzar, Raydili"]
[Black "Cabreja Lora, Suzette"]
[Result "1-0"]
[WhiteElo "1714"]
[BlackElo "1535"]
[PlyCount "79"]
[EventDate "2015.03.06"]
[EventRounds "8"]
[EventCountry "DOM"]

1. e4 e5 2. Nf3 d6 3. Bc4 Nf6 4. Ng5 d5 5. exd5 Nxd5 6. Qf3 Qxg5 7. Bxd5 Qf6 8.
Bxb7 Qxf3 9. Bxf3 c6 10. d3 Bc5 11. Be3 Bb6 12. Bxb6 axb6 13. Nd2 Ra6 14. Nc4
O-O 15. O-O f6 16. Nd6 Be6 17. Rfe1 Rd8 18. Ne4 c5 19. Nc3 Ra5 20. Be4 Rd6 21.
a4 Bd7 22. Bd5+ Kf8 23. Bc4 Bc6 24. Nb5 Bxb5 25. Bxb5 Nd7 26. Re4 Ra7 27. Rae1
Rd4 28. Rxd4 cxd4 29. Bxd7 Rxd7 30. Kf1 Ke7 31. f4 Kd6 32. fxe5+ fxe5 33. Ke2
Rc7 34. Kd2 Kd5 35. Rf1 g6 36. Rf6 Rb7 37. c4+ dxc3+ 38. bxc3 b5 39. axb5 Rxb5
40. c4+ 1-0

[Event "Campeonato Nacional de Ajedrez Femenino 2015  "]
[Site "FDA, Santo Domingo"]
[Date "2015.03.07"]
[Round "3"]
[Board "12"]
[White "Coronado, Karen"]
[Black "Camacho Rosario, Cristal"]
[Result "1-0"]
[WhiteElo "1673"]
[BlackElo "1562"]
[PlyCount "87"]
[EventDate "2015.03.06"]
[EventRounds "8"]
[EventCountry "DOM"]

1. e4 e5 2. Nf3 Nc6 3. d4 d5 4. exd5 Qxd5 5. dxe5 Qxd1+ 6. Kxd1 Bg4 7. Be2
O-O-O+ 8. Nbd2 f6 9. exf6 Nxf6 10. h3 Bh5 11. g4 Bg6 12. Nh4 Bf7 13. Bf3 Nd4
14. Bg2 Bc5 15. f4 Rhe8 16. c3 Nc6 17. Re1 Re3 18. Rxe3 Bxe3 19. f5 Bc4 20. Ke1
Bd3 21. Nb3 Bg1 22. Bf4 Re8+ 23. Kd2 Bf2 24. Kxd3 Bxh4 25. Bxc6 bxc6 26. Nd4
Rd8 27. Kc2 Kb7 28. Ne6 Rc8 29. Nxg7 Ne4 30. a4 Nf2 31. a5 Nxh3 32. a6+ Kb6 33.
Be3+ c5 34. Rh1 Bf6 35. Ne6 Kxa6 36. Rxh3 Rg8 37. Nxc5+ Kb5 38. Rxh7 Rxg4 39.
Rxc7 Rg2+ 40. Kb3 a5 41. Na4 Rg4 42. Rc5+ Ka6 43. Rc6+ Kb5 44. Rb6# 1-0

[Event "Campeonato Nacional de Ajedrez Femenino 2015  "]
[Site "FDA, Santo Domingo"]
[Date "2015.03.08"]
[Round "4"]
[Board "1"]
[White "Diaz Cesar, Wilsaida Pieranlly"]
[Black "Jose Polanco, Kenia"]
[Result "1/2-1/2"]
[WhiteElo "1830"]
[BlackElo "1889"]
[PlyCount "61"]
[EventDate "2015.03.06"]
[EventRounds "8"]
[EventCountry "DOM"]

1. d4 d5 2. c4 c6 3. Nc3 Nf6 4. Nf3 e6 5. e3 Nbd7 6. c5 Qc7 7. Be2 Be7 8. b4
O-O 9. Bb2 e5 10. O-O Re8 11. Re1 Bf8 12. a4 e4 13. Nd2 b6 14. Ba3 a6 15. Nb3
b5 16. axb5 axb5 17. Na5 Re6 18. Nxc6 Qxc6 19. Bxb5 Qc7 20. Bf1 h5 21. Qc2 h4
22. g3 Qb8 23. b5 Bb7 24. Bb2 hxg3 25. hxg3 Qc7 26. c6 Bxc6 27. bxc6 Qxc6 28.
Rxa8 Qxa8 29. Ra1 Qb7 30. Ba3 Bxa3 31. Rxa3 1/2-1/2

[Event "Campeonato Nacional de Ajedrez Femenino 2015  "]
[Site "FDA, Santo Domingo"]
[Date "2015.03.08"]
[Round "4"]
[Board "2"]
[White "Munoz Santana, Doribel"]
[Black "Alfau Sencion, Lisbeth"]
[Result "1/2-1/2"]
[WhiteElo "1905"]
[BlackElo "1624"]
[PlyCount "120"]
[EventDate "2015.03.06"]
[EventRounds "8"]
[EventCountry "DOM"]

1. d4 d5 2. Nf3 Nf6 3. g3 Nc6 4. Bg2 e6 5. O-O Be7 6. b3 O-O 7. Bb2 Re8 8. Nbd2
Bf8 9. c4 dxc4 10. Nxc4 Bd6 11. Nxd6 cxd6 12. Rc1 Ne7 13. Qc2 Rb8 14. e4 Ng6
15. Rfd1 b6 16. Ba3 Bb7 17. e5 dxe5 18. dxe5 Nd5 19. Bd6 Rc8 20. Qd2 Nde7 21.
Nd4 Bxg2 22. Kxg2 Rxc1 23. Rxc1 Nc8 24. Nc6 Qd7 25. Bb4 Qxd2 26. Bxd2 Nge7 27.
Nxe7+ Nxe7 28. Rc7 a5 29. Rb7 Nd5 30. Kf3 Kf8 31. Be3 Re7 32. Rb8+ Re8 33.
Rxe8+ Kxe8 34. Bd4 Kd7 35. a3 Kc6 36. Ke4 Kb5 37. Kd3 Kc6 38. f4 Kb5 39. a4+
Kb4 40. Kc2 b5 41. axb5 Kxb5 42. Bf2 Nb4+ 43. Kd2 Nd5 44. Kd3 Nb4+ 45. Ke4 Nd5
46. Be1 Nc7 47. g4 Na6 48. Kd4 Nc5 49. Kc3 Ne4+ 50. Kc2 Nc5 51. Bf2 Kb4 52.
Be1+ Kb5 53. Bd2 Ne4 54. Be3 Kb4 55. Bd4 Nc5 56. Bc3+ Kb5 57. Be1 Ne4 58. Kd3
Nc5+ 59. Kc2 Ne4 60. Kd3 Nc5+ 1/2-1/2

[Event "Campeonato Nacional de Ajedrez Femenino 2015  "]
[Site "FDA, Santo Domingo"]
[Date "2015.03.08"]
[Round "4"]
[Board "3"]
[White "Hazim Gonzalez, Elizabeth"]
[Black "Santos Almonte, Carol"]
[Result "1/2-1/2"]
[WhiteElo "1805"]
[BlackElo "1797"]
[PlyCount "99"]
[EventDate "2015.03.06"]
[EventRounds "8"]
[EventCountry "DOM"]

1. e4 e6 2. d4 d5 3. e5 c5 4. c3 Qb6 5. Nf3 Nc6 6. a3 Nh6 7. b4 cxb4 8. cxb4
Nf5 9. Be3 Bd7 10. Be2 Be7 11. O-O O-O 12. Nc3 Rac8 13. Na4 Qd8 14. Nc5 b6 15.
Nd3 Nb8 16. Qb3 Bb5 17. Nf4 Bxe2 18. Nxe2 Qd7 19. b5 Rc4 20. Rfc1 Rfc8 21. Nd2
Rxc1+ 22. Rxc1 Rxc1+ 23. Nxc1 Nxe3 24. fxe3 Qc7 25. Nd3 a6 26. a4 a5 27. Qb2
Nd7 28. Qc1 Qxc1+ 29. Nxc1 f6 30. Nd3 fxe5 31. Nxe5 Nxe5 32. dxe5 Bb4 33. Nf3
h6 34. Kf2 Kf7 35. Ke2 Ke7 36. Kd3 Bc5 37. g4 g6 38. Nh4 Kf7 39. Ng2 Ba3 40.
Nh4 Bc5 41. Nf3 Ke7 42. h3 Ke8 43. h4 Kf7 44. Nd2 Be7 45. h5 g5 46. Nb3 Ke8 47.
Kd4 Ba3 48. Kd3 Bb2 49. Nd4 Bxd4 50. exd4 1/2-1/2

[Event "Campeonato Nacional de Ajedrez Femenino 2015  "]
[Site "FDA, Santo Domingo"]
[Date "2015.03.08"]
[Round "4"]
[Board "4"]
[White "Villar Acevedo, Darlin Rocio"]
[Black "Adames Rojas, Ariella"]
[Result "1-0"]
[WhiteElo "1694"]
[BlackElo "1750"]
[PlyCount "73"]
[EventDate "2015.03.06"]
[EventRounds "8"]
[EventCountry "DOM"]

1. e4 c5 2. Nf3 g6 3. d4 cxd4 4. Nxd4 Bg7 5. Nc3 Nc6 6. Be3 Nf6 7. Be2 O-O 8.
O-O d5 9. exd5 Nxd5 10. Nxd5 Bxd4 11. Bxd4 Qxd5 12. Bc3 Qxd1 13. Raxd1 Bf5 14.
Bd3 Bxd3 15. Rxd3 Rfd8 16. Rfd1 Rxd3 17. Rxd3 Rd8 18. Rxd8+ Nxd8 19. Kf1 f6 20.
Ke2 g5 21. a4 Ne6 22. b4 Nf4+ 23. Kf3 e5 24. g3 Nd5 25. Bd2 Kf7 26. a5 b5 27.
axb6 Nxb6 28. Be3 h5 29. Bxb6 axb6 30. c4 Ke6 31. g4 hxg4+ 32. Kxg4 e4 33. f4
f5+ 34. Kg3 g4 35. h3 e3 36. h4 e2 37. Kf2 1-0

[Event "Campeonato Nacional de Ajedrez Femenino 2015  "]
[Site "FDA, Santo Domingo"]
[Date "2015.03.08"]
[Round "4"]
[Board "5"]
[White "Fermin Dicent, Ellian Lissette"]
[Black "Castillo Pena, Patricia Evaris"]
[Result "1-0"]
[WhiteElo "1683"]
[BlackElo "1739"]
[PlyCount "121"]
[EventDate "2015.03.06"]
[EventRounds "8"]
[EventCountry "DOM"]

1. d4 Nf6 2. e3 e6 3. Bd3 c5 4. c3 d5 5. Nf3 Nc6 6. O-O Be7 7. Nbd2 O-O 8. e4
dxe4 9. Nxe4 cxd4 10. cxd4 Qb6 11. Qa4 Rd8 12. Be3 Nd5 13. b3 Bd7 14. Qb5 Ncb4
15. Qxb6 Nxb6 16. Bc4 Rac8 17. Ne5 a6 18. Rfc1 Nc6 19. a3 Nxe5 20. dxe5 Nxc4
21. Rxc4 Rxc4 22. bxc4 Rc8 23. c5 Bc6 24. Nd6 Rd8 25. Rd1 f6 26. f4 Bd5 27. Rb1
Rd7 28. Kf2 Bd8 29. g3 Be7 30. Ke2 fxe5 31. fxe5 Bxd6 32. exd6 Rf7 33. Bg5 Kf8
34. Rb4 Ke8 35. Rf4 Rf5 36. Rxf5 exf5 37. Ke3 Kd7 38. Be7 g6 39. Kf4 Bc6 40.
Kg5 Ke6 41. Kh6 Kf7 42. Kxh7 Bd7 43. Kh6 Be8 44. Kg5 Ke6 45. Bd8 Kd7 46. Bb6
Ke6 47. h3 Bf7 48. Kh6 Be8 49. Kg7 g5 50. Kf8 Bc6 51. Kg7 f4 52. gxf4 gxf4 53.
Ba5 f3 54. Be1 Kd5 55. Bf2 Kc4 56. h4 Kb3 57. h5 Kxa3 58. h6 a5 59. h7 a4 60.
h8=Q Kb3 61. Qh6 1-0

[Event "Campeonato Nacional de Ajedrez Femenino 2015  "]
[Site "FDA, Santo Domingo"]
[Date "2015.03.08"]
[Round "4"]
[Board "6"]
[White "Coronado Paulino, Katerine E."]
[Black "Almanzar Vasquez, Jennifer Mar"]
[Result "0-1"]
[WhiteElo "1651"]
[BlackElo "1737"]
[PlyCount "140"]
[EventDate "2015.03.06"]
[EventRounds "8"]
[EventCountry "DOM"]

1. e4 c5 2. Nf3 Nc6 3. d4 cxd4 4. Nxd4 Nf6 5. Nc3 e5 6. Nf3 Bb4 7. Bd2 Bxc3 8.
Bxc3 Nxe4 9. Bd3 Nxc3 10. bxc3 d5 11. Be2 O-O 12. h3 Qa5 13. Qd2 Rd8 14. O-O d4
15. c4 Qxd2 16. Nxd2 Be6 17. Bd3 Rac8 18. Rfe1 f6 19. f4 Bf7 20. fxe5 Nxe5 21.
Rab1 b6 22. Rb5 Kf8 23. a3 h6 24. Kh2 Rc7 25. Kg3 Rdc8 26. Bf5 Re8 27. Bd3 Rce7
28. Re4 Nc6 29. Rxe7 Rxe7 30. Rb1 Re3+ 31. Kh2 Ke7 32. Rf1 Ne5 33. Bf5 Rxa3 34.
Rf4 Nxc4 35. Nxc4 Bxc4 36. Rxd4 Bb5 37. Rg4 Kf8 38. Rd4 Re3 39. h4 Re5 40. Bg6
Ke7 41. Kg3 a5 42. Rd1 Bc6 43. Kf2 Be4 44. Bxe4 Rxe4 45. Rb1 Rxh4 46. Rxb6 Rb4
47. Ra6 a4 48. Ke3 Rg4 49. Kf3 Rc4 50. g4 Rxc2 51. Rxa4 Kf7 52. Kf4 Rc5 53. Rb4
Kg6 54. Rd4 h5 55. gxh5+ Kxh5 56. Kg3 g5 57. Re4 Rc3+ 58. Kg2 f5 59. Re2 f4 60.
Rf2 Kg4 61. Kh2 Rh3+ 62. Kg2 f3+ 63. Kg1 Kg3 64. Rd2 g4 65. Rd3 Rh8 66. Rc3 Rd8
67. Rc1 Rd2 68. Rb1 Rg2+ 69. Kf1 f2 70. Ke2 Rg1 0-1

[Event "Campeonato Nacional de Ajedrez Femenino 2015  "]
[Site "FDA, Santo Domingo"]
[Date "2015.03.08"]
[Round "4"]
[Board "8"]
[White "Quiroz Farias, Yelibeth"]
[Black "Coronado, Karen"]
[Result "0-1"]
[WhiteElo "1755"]
[BlackElo "1673"]
[PlyCount "108"]
[EventDate "2015.03.06"]
[EventRounds "8"]
[EventCountry "DOM"]

1. e4 c5 2. Bc4 Nc6 3. Nf3 g6 4. d4 cxd4 5. Nxd4 Bg7 6. Be3 Nf6 7. Nc3 Qa5 8.
Qd2 Nxe4 9. Nxc6 Qxc3 10. Qxc3 Bxc3+ 11. bxc3 bxc6 12. O-O O-O 13. Bd4 Nd2 14.
Bd3 Nxf1 15. Kxf1 a5 16. Ke1 d6 17. Kd2 Bd7 18. Rh1 Rfb8 19. c4 c5 20. Bc3 a4
21. a3 Ra6 22. h4 Rab6 23. f3 Rb1 24. Rh2 Rg1 25. h5 Rbb1 26. hxg6 fxg6 27. g4
Rh1 28. Re2 Kf7 29. g5 Bc6 30. Rf2 e6 31. Ke3 Rbg1 32. f4 Rg3+ 33. Ke2 Rhh3 34.
Bd2 Bf3+ 35. Ke1 Rh1+ 36. Rf1 Rxf1+ 37. Kxf1 Rg2 38. Be3 Bc6 39. Ke1 e5 40.
fxe5 dxe5 41. Kd1 e4 42. Be2 Rg3 43. Kd2 Ke6 44. Bf1 Kf5 45. Bxc5 Kxg5 46. c3
h5 47. Be2 Kf5 48. Be7 Rg1 49. Ke3 Rh1 50. Kf2 h4 51. Bd6 g5 52. c5 Rh3 53. Ba6
Rxc3 54. Bc8+ Kg6 0-1

[Event "Campeonato Nacional de Ajedrez Femenino 2015  "]
[Site "FDA, Santo Domingo"]
[Date "2015.03.08"]
[Round "4"]
[Board "9"]
[White "Moronta Ramos, Dianelva"]
[Black "Rodriguez Espaillat, Escarlet"]
[Result "1-0"]
[WhiteElo "1694"]
[BlackElo "1642"]
[PlyCount "37"]
[EventDate "2015.03.06"]
[EventRounds "8"]
[EventCountry "DOM"]

1. d4 Nf6 2. Nf3 e6 3. Bg5 c5 4. e3 d5 5. c3 b6 6. Bd3 h6 7. Bxf6 Qxf6 8. Nbd2
Ba6 9. Bxa6 Nxa6 10. Qa4+ Kd8 11. Qxa6 c4 12. Qb7 Rc8 13. Qxa7 Bd6 14. Qxb6+
Bc7 15. Qa6 Qg6 16. O-O Qc2 17. b3 Kd7 18. bxc4 Rb8 19. cxd5 1-0

[Event "Campeonato Nacional de Ajedrez Femenino 2015  "]
[Site "FDA, Santo Domingo"]
[Date "2015.03.08"]
[Round "4"]
[Board "10"]
[White "Cabreja Lora, Suzette"]
[Black "Joaquin Salcedo, Candida"]
[Result "0-1"]
[WhiteElo "1535"]
[BlackElo "1753"]
[PlyCount "78"]
[EventDate "2015.03.06"]
[EventRounds "8"]
[EventCountry "DOM"]

1. e4 e5 2. Nf3 Nc6 3. Bc4 Nf6 4. d3 Bc5 5. Nc3 a6 6. O-O b5 7. Bb3 d6 8. h3
Na5 9. Bg5 Nxb3 10. axb3 h6 11. Bh4 g5 12. Bg3 g4 13. hxg4 Bxg4 14. Bh4 Rg8 15.
g3 Rg6 16. Nd5 Kd7 17. Nxf6+ Rxf6 18. Nxe5+ dxe5 19. Qxg4+ Kc6 20. Bxf6 Qxf6
21. Qf5 Qg7 22. Kg2 Kb7 23. Rh1 Rd8 24. Rh2 Rd6 25. Rf1 Rf6 26. Qxe5 Rxf2+ 27.
Rxf2 Qxe5 28. Rxf7 Bd6 29. Rh3 Qxb2 30. Rf2 Bc5 31. Re2 Qg7 32. e5 Qg4 33. Re4
Qd1 34. Rh1 Qxc2+ 35. Kh3 Qxd3 36. Rhe1 Bf2 37. Kg4 Qxg3+ 38. Kf5 Bxe1 39. e6
Qg5# 0-1

[Event "Campeonato Nacional de Ajedrez Femenino 2015  "]
[Site "FDA, Santo Domingo"]
[Date "2015.03.13"]
[Round "5"]
[Board "1"]
[White "Santos Almonte, Carol"]
[Black "Diaz Cesar, Wilsaida Pieranlly"]
[Result "0-1"]
[WhiteElo "1797"]
[BlackElo "1830"]
[PlyCount "50"]
[EventDate "2015.03.06"]
[EventRounds "8"]
[EventCountry "DOM"]

1. d4 d5 2. c4 e6 3. Nc3 Nf6 4. Nf3 c6 5. e3 Bd6 6. cxd5 exd5 7. Be2 O-O 8. O-O
Re8 9. Bd2 Nbd7 10. Qb3 Ne4 11. Rac1 Re6 12. Na4 Nxd2 13. Nxd2 Bxh2+ 14. Kxh2
Qh4+ 15. Kg1 Rh6 16. f4 Nf6 17. Nf3 Qg3 18. Bd3 Bh3 19. Qc2 Ng4 20. Qe2 Re8 21.
Rfe1 Rxe3 22. Qf1 Rhe6 23. Bf5 Rxe1 24. Rxe1 Rxe1 25. Qxe1 Qxg2# 0-1

[Event "Campeonato Nacional de Ajedrez Femenino 2015  "]
[Site "FDA, Santo Domingo"]
[Date "2015.03.13"]
[Round "5"]
[Board "3"]
[White "Jose Polanco, Kenia"]
[Black "Villar Acevedo, Darlin Rocio"]
[Result "1/2-1/2"]
[WhiteElo "1889"]
[BlackElo "1694"]
[PlyCount "188"]
[EventDate "2015.03.06"]
[EventRounds "8"]
[EventCountry "DOM"]

1. d4 c6 2. Nf3 d5 3. c3 Nf6 4. Bf4 Nbd7 5. Nbd2 e6 6. e3 Be7 7. Bd3 b6 8. e4
Bb7 9. e5 Nh5 10. Be3 g6 11. Bh6 Bf8 12. Be3 c5 13. Ng5 Qe7 14. O-O Ng7 15. f4
Nf5 16. Bf2 h6 17. Nh3 a5 18. Nf3 Qd8 19. Qe2 Qc8 20. g4 Ng7 21. Nh4 Rg8 22.
Kh1 Kd8 23. f5 g5 24. fxe6 fxe6 25. Ng6 Kc7 26. Bg3 Qe8 27. Rf2 Be7 28. Raf1 c4
29. Bc2 Bc6 30. Rf7 Bd8 31. R7f2 Rc8 32. Ng1 Kb8 33. Nf3 Nf8 34. Nxf8 Rxf8 35.
Nd2 Rxf2 36. Qxf2 Rc7 37. Qf8 Kc8 38. Kg2 h5 39. gxh5 Nxh5 40. Qh6 Nxg3 41.
hxg3 Qe7 42. Rf6 Qg7 43. Rxe6 Qxh6 44. Rxh6 Kb7 45. Rh8 Kc8 46. Nf3 Rg7 47.
Bf5+ Kc7 48. g4 b5 49. Rh6 b4 50. e6 bxc3 51. bxc3 Be7 52. Nd2 Bd6 53. Rf6 Be8
54. Rh6 Bf4 55. Nb1 Kd8 56. Kf3 Rb7 57. Rh8 Rg7 58. Ke2 Ke7 59. Rh6 Bc1 60. Kd1
Bf4 61. Kc2 Bc7 62. Kb2 Bd6 63. Nd2 a4 64. a3 Bf4 65. Nb1 Be3 66. Kc2 Bf4 67.
Nd2 Bb5 68. Rh8 Be8 69. Rh6 Bb5 70. Nf3 Be8 71. Ne5 Bg3 72. Ng6+ Bxg6 73. Rxg6
Rxg6 74. Bxg6 Kxe6 75. Be8 Bd6 76. Kb2 Be7 77. Bxa4 Kd6 78. Be8 Kc7 79. Bf7 Kd6
80. a4 Bd8 81. Ka3 Ba5 82. Kb2 Bc7 83. Kc2 Ba5 84. Bg8 Kc6 85. Bf7 Kd6 86. Bg6
Bb6 87. Kb2 Ba5 88. Bf7 Kc6 89. Be8+ Kd6 90. Bb5 Bb6 91. Kc2 Ba5 92. Kb2 Bb6
93. Be8 Ke6 94. Ka3 Ba5 1/2-1/2

[Event "Campeonato Nacional de Ajedrez Femenino 2015  "]
[Site "FDA, Santo Domingo"]
[Date "2015.03.13"]
[Round "5"]
[Board "4"]
[White "Almanzar Vasquez, Jennifer Mar"]
[Black "Fermin Dicent, Ellian Lissette"]
[Result "1-0"]
[WhiteElo "1737"]
[BlackElo "1683"]
[PlyCount "117"]
[EventDate "2015.03.06"]
[EventRounds "8"]
[EventCountry "DOM"]

1. e4 c6 2. Nf3 d5 3. Nc3 d4 4. Ne2 e5 5. Nxe5 Qe7 6. Nf3 Qxe4 7. d3 Qe7 8.
Nfxd4 Nf6 9. g3 Bg4 10. Bg2 Qd7 11. O-O Bc5 12. Nf3 Bh3 13. Bxh3 Qxh3 14. Nf4
Qd7 15. Re1+ Be7 16. Ne5 Qc7 17. Nh5 O-O 18. Nxf6+ Bxf6 19. Nc4 Nd7 20. Bf4 Qd8
21. d4 b5 22. Nd6 Nb6 23. c3 Nd5 24. Nb7 Qd7 25. Nc5 Qd8 26. Bd2 Qd6 27. Qf3
Rfe8 28. Nd3 h6 29. Qg4 Kh8 30. Nf4 Nxf4 31. Bxf4 Qd5 32. Qh3 Kh7 33. Qg2 Qf5
34. Qf1 Qd5 35. Qd3+ Kh8 36. a3 Re6 37. Re2 Rae8 38. Rae1 a5 39. Rxe6 Rxe6 40.
Rxe6 Qxe6 41. Qe3 Qd5 42. Bxh6 Kh7 43. Bf4 a4 44. Be5 Bxe5 45. Qxe5 Kg6 46.
Qxd5 cxd5 47. Kg2 Kf5 48. Kf3 f6 49. h4 Ke6 50. Kf4 g6 51. g4 Kf7 52. h5 Kg7
53. hxg6 Kxg6 54. f3 Kf7 55. Kf5 Ke7 56. f4 Kf7 57. g5 fxg5 58. fxg5 Ke7 59. g6
 1-0

[Event "Campeonato Nacional de Ajedrez Femenino 2015  "]
[Site "FDA, Santo Domingo"]
[Date "2015.03.13"]
[Round "5"]
[Board "5"]
[White "Alfau Sencion, Lisbeth"]
[Black "Moronta Ramos, Dianelva"]
[Result "1/2-1/2"]
[WhiteElo "1624"]
[BlackElo "1694"]
[PlyCount "49"]
[EventDate "2015.03.06"]
[EventRounds "8"]
[EventCountry "DOM"]

1. e4 c6 2. d4 d5 3. Nc3 dxe4 4. Nxe4 Nd7 5. Nf3 Ngf6 6. Nxf6+ Nxf6 7. h3 Bf5
8. Bc4 e6 9. O-O Be7 10. Re1 O-O 11. Bb3 Qc7 12. Qe2 Rfe8 13. Nh4 Be4 14. Bg5
Bg6 15. Nxg6 hxg6 16. Rad1 Kh7 17. Qf3 Rh8 18. Qe3 Kg8 19. Bxe6 fxe6 20. Qxe6+
Kf8 21. Re3 Qd6 22. Qb3 Qb4 23. Qe6 Qd6 24. Qb3 Qb4 25. Qe6 1/2-1/2

[Event "Campeonato Nacional de Ajedrez Femenino 2015  "]
[Site "FDA, Santo Domingo"]
[Date "2015.03.13"]
[Round "5"]
[Board "6"]
[White "Coronado, Karen"]
[Black "Hazim Gonzalez, Elizabeth"]
[Result "1/2-1/2"]
[WhiteElo "1673"]
[BlackElo "1805"]
[PlyCount "133"]
[EventDate "2015.03.06"]
[EventRounds "8"]
[EventCountry "DOM"]

1. e4 c5 2. Nf3 Nc6 3. d4 cxd4 4. Nxd4 Nf6 5. Nc3 e5 6. Nf3 Bb4 7. Bd3 d5 8.
Nd2 Bxc3 9. bxc3 dxe4 10. Nxe4 Nxe4 11. Bxe4 Qxd1+ 12. Kxd1 Bg4+ 13. f3 O-O-O+
14. Ke2 Be6 15. Bxc6 bxc6 16. Be3 a6 17. Rab1 Bc4+ 18. Ke1 Rd7 19. Rb4 Bd5 20.
Rb6 Kc7 21. Rxa6 Rb8 22. Ra7+ Kd6 23. Rxd7+ Kxd7 24. Kd2 Kd6 25. Kd3 f5 26. c4
Be6 27. Kc3 c5 28. Rd1+ Kc6 29. a3 Ra8 30. Kb3 f4 31. Bf2 g5 32. Re1 Re8 33.
Kc3 Bf5 34. g3 e4 35. fxe4 Rxe4 36. Rxe4 Bxe4 37. gxf4 gxf4 38. a4 Kb6 39. a5+
Kxa5 40. Bxc5 Ka6 41. Kd2 Kb7 42. c3 Kc7 43. Bd4 Kd7 44. Be5 f3 45. Ke3 Bc6 46.
Bd4 Ke6 47. Kf4 Kd7 48. Kf5 Ke7 49. Ke5 Kd7 50. Be3 Ke7 51. Bf2 Bb7 52. Kd4 Kd6
53. c5+ Ke6 54. Kc4 Bc6 55. Kb4 Kd7 56. Ka5 Kc7 57. Ka6 Bb7+ 58. Kb5 Bc6+ 59.
Ka6 Be4 60. Kb5 Bd3+ 61. c4 Be4 62. Bg3+ Kb7 63. Bf2 Bc6+ 64. Ka5 h5 65. Bh4
Bd7 66. Bg3 Kc6 67. Kb4 1/2-1/2

[Event "Campeonato Nacional de Ajedrez Femenino 2015  "]
[Site "FDA, Santo Domingo"]
[Date "2015.03.13"]
[Round "5"]
[Board "7"]
[White "Joaquin Salcedo, Candida"]
[Black "Clark Muller, Gema Mabel"]
[Result "1-0"]
[WhiteElo "1753"]
[BlackElo "1607"]
[PlyCount "61"]
[EventDate "2015.03.06"]
[EventRounds "8"]
[EventCountry "DOM"]

1. e4 d6 2. d4 Nf6 3. Bd3 g6 4. Nf3 Bg7 5. Nc3 O-O 6. Bg5 Nbd7 7. Qd2 c5 8. Bh6
Ng4 9. Bxg7 Kxg7 10. h4 Qb6 11. h5 cxd4 12. Nd5 Qxb2 13. Rd1 e5 14. hxg6 fxg6
15. Qg5 Ndf6 16. Nxf6 Rxf6 17. Nd2 Rxf2 18. Qh4 h5 19. Qe7+ Rf7 20. Qxd6 Be6
21. Qxe6 Raf8 22. Nf3 Qc3+ 23. Ke2 Ne3 24. Qxe5+ Kg8 25. Qg3 Nxd1 26. Qxg6+ Rg7
27. Qe6+ Rgf7 28. Rxh5 Qc8 29. Rg5+ Kh8 30. Qe5+ Rf6 31. Qh2+ 1-0

[Event "Campeonato Nacional de Ajedrez Femenino 2015  "]
[Site "FDA, Santo Domingo"]
[Date "2015.03.13"]
[Round "5"]
[Board "8"]
[White "Adames Rojas, Ariella"]
[Black "Estevez, Vianyelis Stephanie"]
[Result "0-1"]
[WhiteElo "1750"]
[BlackElo "1536"]
[PlyCount "76"]
[EventDate "2015.03.06"]
[EventRounds "8"]
[EventCountry "DOM"]

1. d4 Nf6 2. c4 g6 3. Nc3 Bg7 4. e4 d6 5. g3 O-O 6. Bg2 Nbd7 7. Nf3 c5 8. O-O
cxd4 9. Nxd4 Qc7 10. b3 a6 11. Bb2 Ne5 12. Rc1 Bd7 13. Qe2 Rac8 14. h3 Nc6 15.
Nd5 Qd8 16. Rcd1 Nxd5 17. exd5 Nxd4 18. Bxd4 Bh6 19. Rd3 Bg7 20. Bxg7 Kxg7 21.
Re3 Re8 22. Re1 Kf8 23. Qb2 Kg8 24. Qd4 b5 25. Qh4 e5 26. Qxd8 Rexd8 27. cxb5
Bxb5 28. Be4 Rc7 29. g4 Rdc8 30. a4 Bd7 31. Ra1 Rc1+ 32. Rxc1 Rxc1+ 33. Kg2 a5
34. Kf3 f5 35. gxf5 gxf5 36. Bd3 f4 37. Re2 Rc3 38. Kg2 (38. Rd2 Bf5 39. Ke2
f3+ 40. Ke3 e4) 38... Rxd3 0-1

[Event "Campeonato Nacional de Ajedrez Femenino 2015  "]
[Site "FDA, Santo Domingo"]
[Date "2015.03.13"]
[Round "5"]
[Board "11"]
[White "Rodriguez Espaillat, Escarlet"]
[Black "Quiroz Farias, Yelibeth"]
[Result "0-1"]
[WhiteElo "1642"]
[BlackElo "1755"]
[PlyCount "70"]
[EventDate "2015.03.06"]
[EventRounds "8"]
[EventCountry "DOM"]

1. e4 e5 2. Nf3 d6 3. d4 exd4 4. Nxd4 Nf6 5. Nc3 Bd7 6. Bc4 Be7 7. O-O O-O 8.
Be3 Nc6 9. f3 Ne5 10. Bb3 Qc8 11. Qd2 a6 12. f4 Ng6 13. f5 Ne5 14. Bg5 c5 15.
Nde2 c4 16. Bxf6 Bxf6 17. Qxd6 cxb3 18. axb3 Ng4 19. Nd5 Qc6 20. Nxf6+ Nxf6 21.
Qxc6 Bxc6 22. e5 Ng4 23. e6 fxe6 24. fxe6 Rxf1+ 25. Rxf1 Ne3 26. Rc1 Nxg2 27.
Nd4 Nf4 28. Nxc6 bxc6 29. Re1 Re8 30. e7 Ng6 31. Ra1 Rxe7 32. Rxa6 Rc7 33. b4
Ne5 34. b3 Nf3+ 35. Kg2 Ne1+ 0-1

[Event "Campeonato Nacional de Ajedrez Femenino 2015  "]
[Site "FDA, Santo Domingo"]
[Date "2015.03.14"]
[Round "6"]
[Board "1"]
[White "Diaz Cesar, Wilsaida Pieranlly"]
[Black "Almanzar Vasquez, Jennifer Mar"]
[Result "1-0"]
[WhiteElo "1830"]
[BlackElo "1737"]
[PlyCount "79"]
[EventDate "2015.03.06"]
[EventRounds "8"]
[EventCountry "DOM"]

1. d4 Nf6 2. c4 e6 3. Nf3 Bb4+ 4. Nbd2 O-O 5. a3 Bxd2+ 6. Bxd2 b6 7. e3 Bb7 8.
Be2 d6 9. O-O Nbd7 10. b4 c5 11. Bc3 Qe7 12. Qc2 Rac8 13. Rac1 Rfd8 14. Rfd1 h6
15. Qa4 Ra8 16. dxc5 dxc5 17. Ne5 Nxe5 18. Bxe5 Nd7 19. Bc7 Qg5 20. Bf1 Nf8 21.
Bxd8 Rxd8 22. Rxd8 Qxd8 23. Rd1 Qa8 24. Qc2 Ng6 25. Qd2 Ne5 26. Qd8+ Kh7 27.
Qxa8 Bxa8 28. h3 cxb4 29. axb4 Kg6 30. b5 f6 31. f4 Nf7 32. Rd7 Be4 33. Rxa7
Nd6 34. Rd7 Nf5 35. Kf2 h5 36. Bd3 Bxd3 37. Rxd3 Kf7 38. e4 Ne7 39. Rd6 Nc8 40.
Rc6 1-0